|
|
|
|
| LEADER |
01567nta a2200229 i 4500 |
| 001 |
dokt334 |
| 005 |
20200218124947.0 |
| 008 |
100513s2004 hu om 0|| hun d |
| 040 |
|
|
|a SZTE Doktori Repozitórium
|b hun
|
| 041 |
|
|
|a hun
|
| 100 |
1 |
|
|a Szepesszentgyörgyi Ádám
|
| 245 |
1 |
2 |
|a A Szeged környéki csípőszúnyog-együttes mennyiségi és minőségi változásai az 1999. évben, és szúnyoglárva-gyérítésre alkalmas Bacillus thuringiensis subsp. israelensis (Bti) alapú biológiai készítmény előállítása, koncentrálása és toxicitás-vizsgálata
|h [elektronikus dokumentum] /
|c Szepesszentgyörgyi Ádám
|
| 246 |
1 |
0 |
|a Qualitative and quantitative changes in the mosquito fauna in the city of Szeged in 1999 and production, concentration and toxicity control of a Bacillus thuringiensis subsp. israelensis (Bti) product which is appropriate for mosquito control
|h [elektronikus dokumentum]
|
| 260 |
|
|
|c 2004
|
| 502 |
|
|
|a Disszertacio
|
| 650 |
|
4 |
|a környezettudományok
|
| 700 |
1 |
|
|a Mécs Imre
|e ths
|
| 856 |
4 |
0 |
|u https://doktori.bibl.u-szeged.hu/id/eprint/334/3/de_2980.pdf
|z Dokumentum-elérés
|
| 856 |
4 |
0 |
|u https://doktori.bibl.u-szeged.hu/id/eprint/334/1/tz_eredeti2980.pdf
|z Dokumentum-elérés
|
| 856 |
4 |
0 |
|u https://doktori.bibl.u-szeged.hu/id/eprint/334/2/tz_en2980.pdf
|z Dokumentum-elérés
|
| 856 |
4 |
0 |
|u https://doktori.bibl.u-szeged.hu/id/eprint/334/10/2004_szepesszentgyorgyi_adam_birl.pdf
|z Dokumentum-elérés
|
| 856 |
4 |
0 |
|u https://doktori.bibl.u-szeged.hu/id/eprint/334/11/2004_szepesszentgyorgyi_adam_melleklet.tgz
|z Dokumentum-elérés
|